Sports Quiz

Random Sports or Football Quiz

Double Letter Premier League Teams Quiz Stats

 Plays Quiz Updated May 20, 2019

Score 0/13 Timer 03:00
41 Plays Today
Premier League Team % Correct
Liverpool
84.2%
Tottenham Hotspur
74%
Leeds United
65.8%
Aston Villa
63.9%
Cardiff City
53.5%
Blackpool
52.3%
Sheffield United
49.7%
Huddersfield Town
47.4%
Sheffield Wednesday
47.3%
Nottingham Forest
42%
Middlesbrough
41.3%
Hull City
40.1%
Queens Park Rangers
33.3%

You're not logged in!

Compare scores with friends on all Sporcle quizzes.
OR
Log In

Show Comments

Extras

Top Quizzes Today


Score Distribution

Your Account Isn't Verified!

In order to create a playlist on Sporcle, you need to verify the email address you used during registration. Go to your Sporcle Settings to finish the process.

Report this User

Report this user for behavior that violates our Community Guidelines.

Details: